Statistiche per Città Italiane con più Violenze Sessuali

Clicka qui per fare il quiz!

Statistiche generali

  • Questo quiz è stato fatto 107 volte
  • Il punteggio medio è 7 su 20

Statistiche sulle risposte

PosizioneCittàN. denunceogni 100.000 abitanti% Corretto
7Milano47714,7
97%
2Bologna19519,2
71%
14Parma5612,4
51%
1Trieste5925,6
46%
4Rimini5416,0
44%
20Reggio Emilia6211,8
42%
12Modena8812,5
41%
16Ferrara4212,3
39%
15Ravenna4812,4
39%
9Piacenza3813,4
38%
3Imperia3416,3
28%
10La Spezia2813,0
27%
17Savona3312,3
23%
6Asti3114,9
20%
8Gorizia1913,7
18%
11Biella2213,0
14%
5Belluno3115,6
13%
13Isernia1012,5
6%
18Massa-Carrara2312,2
1%
19Pesaro-Urbino4211,9
1%

Distribuzione punteggi

Percentile per numero di risposta

Percentuale di utenti per punteggio

I tuoi punteggi nel tempo

Non hai fatto questo quiz